000 00834nam a2200205 a 4500
001 000041949
005 20201002035840.0
008 131016s2004 sp ac 000 0 spa d
020 _a8400082656
040 _aDO-SdBNP
_bspa
_cBNPHU
245 0 0 _aEl yacimiento de La Alcudia (Elche, Alicante) :
_bpasado y presente de un enclave ibérico /
_ccoordinador Trinidad Tortosa.
260 _aBarcelona :
_bCSIC,
_c2004.
300 _a259 p. :
_bil., retrs. ;
_c29 cm.
490 1 _aAnejos de Archivo Español de Arqueología ;
_v30
504 _aBibliografía : p. 245 -255
504 _aIncluye referencias bibliográficas y notas al pie de las páginas
700 1 _aTortosa, Trinidad,
_eed.
_968866
710 2 _aConsejo Superior de Investigaciones Científicas
_94786
830 0 _aAnejos de Archivo Español de Arqueología ;
_v30
_968867
999 _c41438
_d41438